Music Quiz

Random Music or Song Quiz

'Named' Song Titles Quiz Stats

 Plays Quiz Updated Mar 1, 2015

Challenge
Share
Tweet
Embed
Score 0/30 Timer 05:00
3 Plays Today
Name Song Title % Correct
CarolineSweet Caroline
90.6%
LucyLucy in the Sky with Diamonds
90.4%
SharonaMy Sharona
86.1%
BennieBennie and the Jets
85.7%
EileenCome on Eileen
79.7%
PeggyPeggy Sue
79.3%
MaggieMaggie May
75.3%
JessieJessie's Girl
74.1%
BarbieBarbie Girl
71.1%
JohnnyJohnny B. Goode
70.4%
DelilahHey There Delilah
69.8%
BetteBette Davis Eyes
65.9%
StacyStacy's Mom
65.8%
AmadeusRock Me Amadeus
65.1%
RhondaHelp Me Rhonda
65%
Name Song Title % Correct
O'RileyBaba O'Riley
64.7%
RubyRuby Tuesday
64.5%
BeethovenRoll Over Beethoven
64.4%
JanieJanie's Got a Gun
64.3%
MollyGood Golly Miss Molly
62%
MaryProud Mary
59.9%
DaniDani California
58.2%
DianaDirty Diana
56.2%
BobbyMe and Bobby McGee
54.6%
TiffanyBreakfast at Tiffany's
53.8%
BettyBlack Betty
53.7%
SallyMustang Sally
40.5%
RikkiRikki Don't Lose That Number
38.7%
SuzieSuzie Q
37.3%
AdamAdam's Song
33.8%

You're not logged in!

Compare scores with friends on all Sporcle quizzes.
Join for Free
OR
Log In

You Might Also Like...

Show Comments

Extras

Top Quizzes Today


Score Distribution

Your Account Isn't Verified!

In order to create a playlist on Sporcle, you need to verify the email address you used during registration. Go to your Sporcle Settings to finish the process.

Report this User

Report this user for behavior that violates our Community Guidelines.

Details: